Tabla Periodica por Simbolo (desordenado) - Estadísticas

Estadísticas generales
  • Esta prueba ha sido intentada 328 veces
  • La puntuación promedio es 60 de 73
Estadísticas de respuestas
% Correcto
1 H Hidrógeno
100%
2 He Helio
98%
12 Mg Magnesio
98%
7 N Nitrógeno
98%
8 O Oxígeno
98%
19 K Potasio
97%
5 B Boro
95%
29 Cu Cobre
95%
3 Li Litio
95%
47 Ag Plata
95%
11 Na Sodio
94%
13 Al Aluminio
93%
4 Be Berilio
93%
35 Br Bromo
93%
15 P Fosforo
93%
79 Au Oro
93%
20 Ca Calcio
92%
6 C Carbono
92%
26 Fe Hierro
92%
16 S Azufre
91%
88 Ra Radio
91%
10 Ne Neón
90%
54 Xe Xenón
90%
31 Ga Galio
89%
36 Kr Kriptón
89%
25 Mn Manganeso
89%
82 Pb Plomo
89%
17 Cl Cloro
88%
9 F Flúor
88%
14 Si Silicio
88%
56 Ba Bario
87%
55 Cs Cesio
87%
27 Co Cobalto
87%
87 Fr Francio
87%
34 Se Selenio
87%
53 I Yodo
87%
33 As Arsenico
86%
24 Cr Cromo
86%
28 Ni Niquel
86%
32 Ge Germanio
84%
18 Ar Argón
82%
37 Rb Rubidio
82%
84 Po Polonio
81%
83 Bi Bismuto
80%
38 Sr Estroncio
80%
80 Hg Mercurio
79%
30 Zn Cinc
78%
78 Pt Platino
78%
48 Cd Cadmio
77%
50 Sn Estaño
77%
49 In Indio
77%
22 Ti Titanio
76%
85 At Astato
75%
86 Rn Radón
75%
23 V Vanadio
75%
46 Pd Paladio
74%
51 Sb Antimonio
73%
74 W Wolframio
72%
39 Y Itrio
70%
52 Te Telurio
70%
21 Sc Escandio
69%
76 Os Osmio
69%
81 Tl Talio
69%
40 Zr Circonio
67%
77 Ir Iridio
66%
42 Mo Molibdeno
66%
41 Nb Niobio
65%
72 Hf Hafnio
63%
45 Rh Rodio
63%
44 Ru Rutenio
62%
43 Tc Tecnecio
62%
75 Re Renio
60%
73 Ta Tántalo
56%
No se encontraron pruebas coincidentes
Distribución de puntuación
Porcentaje de gente con cada puntuación
Porcentaje por número respondido
Historial de tus puntuaciones
No has intentado esta prueba.